| Tag |
First Indicator |
Second Indicator |
Subfields |
| LEADER |
00000cam a2200000 a 4500 |
| 001 |
in00000088991 |
| 005 |
20151008063346.0 |
| 008 |
801014s1979 sp 00010 spa d |
| 020 |
|
|
|a 8432295450
|
| 035 |
|
|
|a (OCoLC)06823172
|
| 035 |
|
|
|9 AAK2080AM
|
| 040 |
|
|
|a YSM
|c YSM
|d m.c.
|d OCL
|d TXA
|d UtOrBLW
|
| 049 |
|
|
|a TXAM
|c [1481423]
|
| 090 |
|
|
|a PQ6601.L2
|b P6 1979
|
| 100 |
1 |
|
|a Alberti, Rafael,
|d 1902-1999.
|
| 245 |
1 |
0 |
|a Poemas de Punta del Este :
|b Buenos Aires en tinta china [poema para un libro de dibujos] /
|c Rafael Alberti.
|
| 250 |
|
|
|a 1. ed.
|
| 264 |
|
1 |
|a Barcelona :
|b Editorial Seix Barral,
|c 1979.
|
| 300 |
|
|
|a 89 pages ;
|c 20 cm.
|
| 336 |
|
|
|a text
|b txt
|2 rdacontent
|
| 337 |
|
|
|a unmediated
|b n
|2 rdamedia
|
| 338 |
|
|
|a volume
|b nc
|2 rdacarrier
|
| 740 |
0 |
|
|a Buenos Aires en tinta china
|
| 999 |
|
|
|a MARS
|
| 999 |
f |
f |
|s 3760cefe-f126-3003-8d7f-9de65a7246c0
|i 1d05db82-0d27-3165-ae42-2d424a25a3c9
|t 0
|
| 952 |
f |
f |
|p ric
|a Texas A&M University
|b Rellis Campus
|c Joint Library Facility
|d Remote Storage
|t 0
|e PQ6601.L2 P6 1979
|h Library of Congress classification
|i unmediated -- volume
|m A14806181657
|
| 998 |
f |
f |
|a PQ6601.L2 P6 1979
|t 0
|l Remote Storage
|